| 000 | 00962nam a22002535i 4500 | ||
|---|---|---|---|
| 001 | 159822 | ||
| 003 | ES-MaACL | ||
| 005 | 20250712063132.0 | ||
| 008 | 040924s1893 pl |||| | pol d | ||
| 040 |
_aCAM _bspa _cCAM |
||
| 100 | 1 |
_aPrzesmycki, Zenon, _d1861-1944 _eaut _9241268 |
|
| 245 | 1 | 0 |
_aZ czary młodości : _bliryczny pamiętnik duszy (1881-1891) / _cMiriam |
| 260 |
_aWiedeń ; Kraków : _b[s.n.], _c1893 _f(Drukarni Zwiazkowej) |
||
| 300 |
_a260, [6] páginas ; _c17 cm. |
||
| 530 | _aDisponible en formato digital | ||
| 596 | _aPie de imp. tomado de colofón | ||
| 655 | 7 |
_2tgfbne _9176539 _aPoesías |
|
| 752 |
_aPolonia - _dCracovia |
||
| 852 |
_aES-MaACL _cDEPO2 _hDonativo Peiper _jG-314 _xHolandesa |
||
| 856 |
_uhttps://kpbc.umk.pl/dlibra/publication/3444/edition/14306 _yVersión en línea _z(Biblioteka Cyfrowa Kujawsko-Pomorska) |
||
| 942 |
_2udc _cMONANT _n0 |
||
| 999 |
_c159822 _d159822 |
||